Представление документа в формате RUSMARC

ПолеНазваниеЗначение
  Тип записи a
  Библиографический уровень a
001 Контрольный номер RU/CBS_UL/BASE/7c7b79b1a0f548b6ae8c71e706913612
005 Дата корректировки 20250827011717.9
100 Данные общей обработки __
a Данные общей обработки 20250827 ||| 0rusy0189 ca
101 Язык документа 0_
a Язык текста rus
102 Страна публикации __
a Страна публикации RU
200 Заглавие и сведения об ответственности 1_
a Заглавие На конной тяге до Берлина
e Сведения, относящиеся к заглавию [в годы ВОВ лошади использовались для перевозки войск, артиллерии, военной техники, продовольствия]
f Первые сведения об ответственности Е. Дегтярев
300 Общие примечания __
a Общие примечания 16+
461 Уровень набора _0
1 2000
a Чудеса и приключения
463 Уровень физической единицы _0
1 2000
a № 6
v С. 52-55 : фот.
1 2101
d 2022
1 001RU/CBS_UL/BASE/709126003
606 Тематические рубрики 0_
a Основная рубрика Великая Отечественная война - 1941-1945 - Кавалерия
610 Ключевые слова 0_
a Ключевые слова Великая Отечественная война
610 Ключевые слова 0_
a Ключевые слова войны
610 Ключевые слова 0_
a Ключевые слова кавалерия
610 Ключевые слова 0_
a Ключевые слова лошади
610 Ключевые слова 0_
a Ключевые слова памятники лошадям
686 Индексы других классификаций __
2 Код системы rubbk
a Классификационный индекс 63.3(2)622-35
700 Автор _1
a Фамилия Дегтярев
b Имя (инициалы) Е.
801 Источник записи _0
a Страна RU
b Организация МБУК ЦБС г. Ульяновска
c Дата составления 20250827
g Правила каталогизации RCR
801 Источник записи _1
a Страна RU
b Организация МБУК ЦБС г. Ульяновска
c Дата составления 20250827
g Правила каталогизации RCR
901 Тип документа __
t Тип документа b
w Контрольный № источника RU/CBS_UL/BASE/709126003
909 Создатель записи __
a Создатель записи lib1